000 00469nam a2200193Ia 4500
005 20240921120640.0
008 240921s9999||||xx |||||||||||||| ||und||
041 _aENGLISH
082 _A005.133 M4
100 _aBridge,Tony
245 0 _aSinclair QL Adventures
250 _a1st
260 _c1984
_bSunshine,London
500 _aHandbook
650 _aComputer Science
_bComputer Applications
700 _a Williams,Richard
942 _cBK
999 _c247221
_d247221